Sanat - "Kulkuset, kulkuset" - Statistics

Yleistilastot
  • Tätä visaa on pelattu 217 kertaa
  • Keskiarvotulos 93 / 134
Vastaustilastot
Kulkuset % Oikein
Kulkuset,
99%
kulkuset
99%
helkkäilee.
89%
ja
89%
87%
Talven
87%
ne
86%
se
85%
alla
84%
on
84%
On
84%
riemuin
84%
Lunta
82%
lunta
82%
Lumi
81%
jalasten
80%
Rekehen,
80%
rekehen
80%
valkohiutaleet
80%
laulaa
79%
lauluaan.
78%
leijailee.
77%
leijailee
77%
kun
76%
maa.
76%
nouse
76%
tuiskuttaa.
76%
lämmin,
75%
kilvan
74%
tulvillaan
74%
talvisää,
73%
valkoinen
73%
ei
72%
liinakkomme
72%
raikas
72%
matkaamaan!
70%
kiitää
68%
nyt
67%
Nyt
67%
En
66%
enää
66%
ryijyn
66%
jää.
64%
talliin
64%
käy
62%
liinakkommekaan,
61%
reen
61%
käymme
60%
kohta
60%
matkahan
59%
me
59%
pienen
59%
Sen
59%
valjastan
59%
riemuiten.
57%
etehen,
55%
sitten
53%
tää
41%
tie.
41%
joutuin
39%
vie,
34%
maailmaan
31%
meidät
30%
retki
30%
voi.
30%
kai
29%
milloinkaa
29%
niin
29%
Toiseen
29%
puhtaan
28%
unhoittaa
28%
valkeaan
28%
retkeämme
25%
soi.
25%
latvat
24%
puiden
24%
huminaa
23%
Taas
21%
tuulen
20%
Ehtoja vastaavia visoja ei löytynyt
Tulosjakauma
Jokaisen tuloksen saaneiden osuus
Persentiili vastausten määrän mukaan
Tuloshistoriasi
Et ole pelannut tätä visaa